000 00494nam a2200169Ia 4500
003 GCL
008 140319s9999 xx 000 0 ara d
040 _aGCL /
_cGCL
082 0 4 _a215.15
_bح ا
100 1 _aحسين احمد امين
245 1 0 _aالاجتهاد فى الاسلام: حق هو ام واجب /
_cحسين احمد امين
300 _a173 ص
490 _aالمواجهة
_v0
650 0 4 _aالاجتهاد
650 0 4 _aالفقه الاسلامى
942 _2ddc
_cBK
999 _c46805
_d46805